大宮駅から出ている鉄道の行先(remake) - Statistics

General Stats
  • This quiz has been taken 573 times
  • The average score is 52 of 68
Answer Stats
Answer % Correct
高崎
97%
東京
97%
宇都宮
97%
高崎
97%
東京
97%
上野
95%
仙台
94%
新青森
94%
金沢
94%
盛岡
93%
新函館北斗
93%
新潟
93%
長野
92%
郡山
90%
山形
90%
秋田
90%
大船
90%
新宿
90%
新宿
90%
大船
90%
大船
90%
品川
89%
小田原
89%
熱海
89%
川越
89%
小田原
89%
那須塩原
88%
籠原
88%
越後湯沢
87%
前橋
86%
新庄
85%
小金井
85%
沼津
83%
池袋
83%
大崎
83%
平塚
82%
国府津
82%
平塚
82%
国府津
82%
新木場
80%
桜木町
80%
伊東
78%
赤羽
77%
蒲田
77%
磯子
77%
東神奈川
75%
74%
古河
73%
鶴見
73%
船橋
73%
春日部
71%
逗子
70%
海老名
64%
本庄
63%
岩槻
56%
長野原草津口
55%
内宿
54%
鴻巣
52%
運河
48%
七光台
45%
東武日光
41%
鬼怒川温泉
39%
八王子
35%
丸山
35%
高柳
30%
西船橋
28%
海浜幕張
27%
新習志野
23%
No matching quizzes found
Score Distribution
Percent of People with Each Score
Percentile by Number Answered
Your Score History
You have not taken this quiz